000 00766aab a2200265a 44500
008 940211s1990 cat
041 _acat
080 _a631.3
110 _aCatalunya. Generalitat. Departament d'Agricultura, Ramaderia i Pesca
_961890
245 _aVocabulari de maquinària agrícola
245 _cCatalunya. Generalitat. Departament d'Agricultura, Ramaderia i Pesca.
260 _c1990
300 _ap. 1-2
520 _a135
592 _aObra terminològica
593 _aFB
650 _amaquinària agrícola
_961431
773 _g(<1990>), núm 14
773 _tQüestions de llengua
901 _c(<1990>)
902 _a940211
942 _cAS
_n0
999 _c51696
_d51696